000 00212 a2200109 4500
020 _a9780813667416
041 _aspa
100 _aWalker, Colin
245 _aExploramdo el espacio
942 _cBK
952 _71
999 _c16708
_d16708